Devine le jouet - Statistiques

Statistiques générales
  • Ce quiz a été pris 128 fois
  • Le résultat moyen est 5 sur 9
Statistiques - réponses
Par images Réponse % Correct
Lego
100%
Puzzle
92%
Toupie
89%
Nerf
83%
Carte Pokemon
68%
Rubik's cube
58%
Voiture telecommandée
37%
Tuiles magnétiques
2%
ZtringZ
1%
Aucun quiz correspondant
Distribution des résultats
% des personnes avec chaque résultat
Percentile par nombre de réponses
Votre historique - résultats
Vous n’avez pas pris ce quiz